| 000 | 01265nam a22002657a 4500 | ||
|---|---|---|---|
| 003 | OSt | ||
| 005 | 20251007182002.0 | ||
| 008 | 240408b ||||| |||| 00| 0 eng d | ||
| 040 | _c0 | ||
| 082 | _aDPer 621.317 Ie21 October 2022 v. 37 n. 10 | ||
| 100 |
_aWu, Min. _eauthor. _956333 |
||
| 245 |
_aA compact coupler with integrated multiple decoupled coils for wireless power transfer system and its anti-misalignment control / _cMin Wu, Xu Yang, Wenjie Chen, Laili Wang, Yongbin Jiang, Qingqing Gao, Zhengchao Yan, and Xipei YuNew York; The Institute of Electrical and Electronics Engineers, Inc., October 2022. |
||
| 260 |
_aNew York; _bThe Institute of Electrical and Electronics Engineers, Inc., _cOctober 2022. |
||
| 300 |
_aVolume 37, pages 12814-12827 : _billustration ; _c28 cm. |
||
| 500 | _aIEEE Transactions on Power Electronics, v. 37, n. 10, pages 12814-12827, October 2022. | ||
| 700 |
_aWu, Min. _eauthor. _956333 |
||
| 700 |
_aYang, Xu. _eauthor. _956334 |
||
| 700 |
_aChen, Wenjie. _eauthor. _956335 |
||
| 700 |
_aWang, Laili. _eauthor. _956336 |
||
| 700 |
_aJiang, Yongbin. _eauthor. _956337 |
||
| 700 |
_aGao, Qingqing. _eauthor. _956338 |
||
| 700 |
_aYan, Zhengchao. _eauthor. _956339 |
||
| 700 |
_aYu, Xipei. _eauthor. _956340 |
||
| 942 |
_2ddc _cPER |
||
| 999 |
_c20087 _d20087 |
||